| 000 | 00931nac a22002291u 4500 | ||
|---|---|---|---|
| 010 | _a 84004273 | ||
| 020 | _a0408012315 (pbk. : v.4) : | ||
| 022 | _a0408007591 | ||
| 082 | 0 | 0 |
_a620.0028 _bN798 |
| 090 |
_c4471 _d4471 |
||
| 100 | _aNoltingk, B.E. | ||
| 245 | 1 | 0 |
_aJones' Instrument technology / _cB.E.Noltingk.[editor] |
| 250 |
_a4th ed. / _bedited by B.E. Noltingk. |
||
| 260 |
_aLondon ; _aBoston : _bButterworths,[1985-1987 ] _c[1985-1987 ] |
||
| 300 |
_av. <4 > : _bill. ; _c25 cm. |
||
| 504 | _aIncludes bibliographies and indexes. | ||
| 505 | 1 | _av. 1. Mechanical measurements -- v. 3. Electrical and radiation measurements -- v. 4. Instrumentation systems. | |
| 650 | 0 | _aEngineering instruments. | |
| 740 | 0 | _aInstrument technology. | |
| 942 |
_cBB _k620.0028N798 |
||
| 999 |
_c4471 _d4471 |
||